000 00602nam a2200253Ia 4500
005 20260306152731.0
008 008 260114s9999 xx 000 0 eng d
020 _a9789375131144
037 _aEBOOK
040 _aCRL
040 _beng
040 _cCRL
041 _2eng
041 _aeng
084 _qCRL
100 _aHeirman Ann
_91124160
245 0 _aRules For Nuns According To ( 3 Pts )
260 _bMLBD
260 _c2022
856 _uhttps://www.asapglobe.com/searchtitles.aspx?query=9789375131144
942 _cEBOOK
999 _c1701299
_d1701299